[Event "Hessen-ch B"]
[Site "Frankfurt/Main"]
[Date "2019.05.30"]
[Round "1"]
[White "Weber, Andreas"]
[Black "Adamczyk, Matthias"]
[Result "1-0"]
[WhiteElo "1694"]
[BlackElo "1949"]
[PlyCount "139"]
[EventDate "2019.05.30"]
[EventType "swiss"]
[EventRounds "7"]
[EventCountry "GER"]

1. Nf3 d5 2. g3 c5 3. Bg2 Nc6 4. O-O Nf6 5. d3 e5 6. Nbd2 Bd6 7. e4 d4 8. a4 h6
9. Nc4 Bc7 10. Nh4 Be6 11. b3 O-O 12. Nf5 Bxf5 13. exf5 Re8 14. g4 e4 15. g5
hxg5 16. Bxg5 exd3 17. cxd3 Ne5 18. Nxe5 Bxe5 19. Qf3 Qd6 20. h4 Rab8 21. h5
Nh7 22. Bd2 b6 23. Qh3 Bf4 24. Bxf4 Qxf4 25. Qf3 Qg5 26. a5 Nf6 27. axb6 axb6
28. Ra7 Qxh5 29. Qxh5 Nxh5 30. Bd5 Rf8 31. Re1 Nf4 32. Be4 Rfe8 33. Rea1 Ne2+
34. Kg2 Nc3 35. Bf3 Re5 36. Bg4 Nd5 37. Kf1 Re7 38. R7a2 Nb4 39. Ra8 Ree8 40.
Rxb8 Rxb8 41. Ke2 Nc6 42. Bf3 Na5 43. Rb1 Re8+ 44. Kd2 Re5 45. Be4 b5 46. f4
Re8 47. b4 cxb4 48. Rxb4 Rb8 49. Kc2 Kf8 50. Rxd4 Ke7 51. Kb2 Nb7 52. Rd5 Nd6
53. Re5+ Kf6 54. Bd5 Rh8 55. Bc6 Rh3 56. Rd5 Nxf5 57. Rxf5+ Kxf5 58. Bd7+ Kxf4
59. Bxh3 g5 60. Kc3 g4 61. Bg2 f5 62. d4 g3 63. Kb4 Ke3 64. d5 f4 65. d6 f3 66.
d7 fxg2 67. d8=Q Kf2 68. Qd4+ Kf1 69. Qf4+ Kg1 70. Qxg3 1-0

[Event "Hessen-ch B"]
[Site "Frankfurt/Main"]
[Date "2019.05.30"]
[Round "1"]
[White "Weiland, Thomas"]
[Black "Karl, Florian"]
[Result "0-1"]
[WhiteElo "1817"]
[BlackElo "1608"]
[PlyCount "104"]
[EventDate "2019.05.30"]
[EventType "swiss"]
[EventRounds "7"]
[EventCountry "GER"]

1. c4 e6 2. Nf3 d5 3. cxd5 exd5 4. d4 Nf6 5. Nc3 Be7 6. g3 O-O 7. Bg2 c6 8. O-O
Bf5 9. Nh4 Bg4 10. f3 Bh5 11. Nf5 Bb4 12. g4 Bg6 13. Bg5 Bxf5 14. gxf5 Be7 15.
Kh1 Nbd7 16. Rg1 Ng4 17. fxg4 Bxg5 18. e4 dxe4 19. Nxe4 Nb6 20. Qf3 Nd5 21.
Rae1 Re8 22. Nxg5 Qxg5 23. Re5 Nf6 24. h3 h5 25. gxh5 Nxh5 26. Bf1 Qh6 27. Bc4
Nf4 28. Kh2 Rxe5 29. dxe5 Rd8 30. Bf1 Rd2+ 31. Kh1 Nd5 32. Qg4 Ne3 33. Qf3 Nxf1
34. Rxf1 Rxb2 35. f6 Qd2 36. Qg3 Qd5+ 37. Kg1 Qd4+ 38. Kh1 g6 39. Re1 Qd5+ 40.
Kg1 Qd4+ 41. Kh1 Qf2 42. Qxf2 Rxf2 43. a4 Rd2 44. Re4 Rd3 45. Kg2 c5 46. h4 Kf8
47. Rg4 Rd4 48. Kf3 Rxg4 49. Kxg4 Ke8 50. Kg5 Kd7 51. h5 gxh5 52. Kf5 Ke8 0-1

[Event "Hessen-ch B"]
[Site "Frankfurt/Main"]
[Date "2019.05.30"]
[Round "1"]
[White "Westhof, Benedikt"]
[Black "Ullmann, Ralf"]
[Result "1/2-1/2"]
[WhiteElo "1655"]
[BlackElo "1856"]
[PlyCount "152"]
[EventDate "2019.05.30"]
[EventType "swiss"]
[EventRounds "7"]
[EventCountry "GER"]

1. d4 g6 2. c4 Bg7 3. Nc3 c5 4. d5 Bxc3+ 5. bxc3 Qa5 6. Qc2 f5 7. Bf4 d6 8. Nf3
Nf6 9. e3 Nbd7 10. Bd3 Nb6 11. O-O Bd7 12. Nd2 Qa4 13. Rab1 O-O-O 14. Rb3 Kb8
15. Qb2 Bc8 16. Rb5 Nh5 17. Bg5 Rde8 18. Bc2 Qa6 19. a4 e5 20. a5 Nd7 21. f3 h6
22. Bh4 Rhg8 23. Ra1 Ng7 24. Ba4 g5 25. Rb3 Qxa5 26. Bxd7 Qc7 27. Bxe8 Nxe8 28.
Bf2 f4 29. Qa2 b6 30. e4 g4 31. Kf1 Nf6 32. Ke2 Nh5 33. Rh1 Qf7 34. Rbb1 Rg7
35. Rbg1 Qf8 36. h3 g3 37. Be1 Nf6 38. Nb3 Rb7 39. Bd2 Qg7 40. Ra1 Qh7 41. Kd3
Qg7 42. Rab1 Qh7 43. Na1 Qg7 44. Nc2 Bd7 45. Na3 Be8 46. Nb5 Bxb5 47. Rxb5 Ng8
48. Rhb1 Ne7 49. Qa4 Nc8 50. R5b3 h5 51. Qe8 h4 52. Qh5 Qh7 53. Qxh7 Rxh7 54.
Re1 Rf7 55. Bc1 Kb7 56. Ba3 Rc7 57. Reb1 Ka6 58. Rb5 Kb7 59. Bc1 Rf7 60. Be3
fxe3 61. Kxe3 Rf4 62. Ra1 Ka8 63. Kd2 Kb7 64. Kc2 Kb8 65. Kb3 Kb7 66. Ka4 Ne7
67. Rb2 Nc8 68. Kb5 Ne7 69. Ra6 Nc8 70. Rba2 Rf6 71. f4 Rxf4 72. Re2 Rf1 73.
Raa2 Rb1+ 74. Ka4 b5+ 75. Ka5 Nb6 76. cxb5 Nc4+ 1/2-1/2

[Event "Hessen-ch B"]
[Site "Frankfurt/Main"]
[Date "2019.05.30"]
[Round "1"]
[White "Will, Steffen"]
[Black "Graef, Kilian Gabriel"]
[Result "1-0"]
[WhiteElo "1711"]
[BlackElo "1411"]
[PlyCount "75"]
[EventDate "2019.05.30"]
[EventType "swiss"]
[EventRounds "7"]
[EventCountry "GER"]

{[%evp 0,75,35,37,84,79,84,63,104,92,102,82,74,86,111,60,76,33,19,7,32,32,32,
-1,-10,-10,-10,-35,-34,-62,-38,-86,-72,-97,-1,-22,-21,-52,-10,-10,24,35,48,42,
90,90,81,-33,427,264,424,427,427,350,367,353,529,553,824,480,750,750,957,499,
1013,610,726,492,514,546,843,843,29989,29990,29991,1019,29993,29990]} 1. e4 d6
2. Nf3 Nf6 3. Nc3 g6 4. d4 Bg7 5. h3 O-O 6. Be3 Nbd7 7. Qd2 c5 8. Bh6 cxd4 9.
Nxd4 Qb6 10. Bxg7 Kxg7 11. Nb3 Nc5 12. Nxc5 Qxc5 13. Bd3 Bd7 14. Be2 Rac8 15.
O-O-O b5 16. f3 Rb8 17. Nd5 Nxd5 18. exd5 Bf5 19. g4 Bd7 20. h4 Rfc8 21. h5 Kg8
22. hxg6 fxg6 23. Bd3 Be8 24. Qh6 Bf7 25. Qxh7+ Kf8 26. Qh6+ Ke8 27. Qg5 Bxd5
28. Bxg6+ Kd8 29. Qxd5 Qe3+ 30. Kb1 Rc5 31. Qe4 Qg5 32. Rh8+ Kc7 33. Rxb8 Kxb8
34. Bf5 Qh6 35. Qxe7 Re5 36. Qd8+ Kb7 37. Be4+ Ka6 38. Rxd6+ 1-0

[Event "Hessen-ch B"]
[Site "Frankfurt/Main"]
[Date "2019.05.30"]
[Round "1"]
[White "Zalewski, Ulrich"]
[Black "Graef, Jakob Vincent"]
[Result "1-0"]
[WhiteElo "1793"]
[BlackElo "1574"]
[PlyCount "109"]
[EventDate "2019.05.30"]
[EventType "swiss"]
[EventRounds "7"]
[EventCountry "GER"]

1. e4 c6 2. d4 d5 3. exd5 cxd5 4. Bd3 Qc7 5. Ne2 e6 6. Bf4 Bd6 7. Bxd6 Qxd6 8.
c3 Nf6 9. Qa4+ Nc6 10. Qa3 Qxa3 11. Nxa3 a6 12. O-O O-O 13. f4 Bd7 14. Nc2 Ne7
15. Ne3 Bb5 16. Bxb5 axb5 17. Ng3 Nc6 18. a3 Na5 19. Rfe1 Nc4 20. Re2 g6 21.
Nd1 Nd6 22. Nf2 h5 23. h4 Nc4 24. Rae1 b6 25. Nf1 Kg7 26. Kh2 Nd6 27. Nd2 Nf5
28. g3 Nd6 29. Kg2 Nf5 30. Nf3 Rfd8 31. Ng5 Nd6 32. Kf3 Nf5 33. Nd3 Ng4 34. Ne5
Nxe5+ 35. fxe5 Rf8 36. Kg2 Ra7 37. Rf2 Rc7 38. Ree2 Ra7 39. Rf4 Rh8 40. Nf3 Nh6
41. Nh2 Nf5 42. Nf1 Rc7 43. Ne3 Re8 44. Kf3 Ra7 45. Rh2 Rc7 46. g4 Nxh4+ 47.
Ke2 g5 48. Rf1 hxg4 49. Nxg4 Nf5 50. Rg1 Kg6 51. Nf6 Ra8 52. Rhg2 Kg7 53. Rxg5+
Kf8 54. Rg8+ Ke7 55. Rxa8 1-0

[Event "Hessen-ch B"]
[Site "Frankfurt/Main"]
[Date "2019.05.30"]
[Round "2"]
[White "Adamczyk, Matthias"]
[Black "Shehab, Tarek"]
[Result "1-0"]
[WhiteElo "1949"]
[BlackElo "1585"]
[PlyCount "123"]
[EventDate "2019.05.30"]
[EventType "swiss"]
[EventRounds "7"]
[EventCountry "GER"]

1. d4 Nf6 2. c4 e6 3. Nc3 d5 4. Nf3 Be7 5. Bf4 O-O 6. e3 c6 7. Bd3 dxc4 8. Bxc4
Nbd7 9. O-O Nb6 10. Bd3 Bd6 11. Bg5 Be7 12. e4 Nbd7 13. Qe2 Re8 14. e5 Nd5 15.
Qe4 Nf8 16. Qg4 Bd7 17. Ne4 f5 18. exf6 Nxf6 19. Bxf6 Bxf6 20. Nc5 e5 21. Bc4+
Kh8 22. Qg3 exd4 23. Nxb7 Qb8 24. Nd6 Re7 25. b3 Be6 26. Rad1 Bxc4 27. Nxc4
Qxg3 28. hxg3 Rd8 29. Rd3 Rd5 30. b4 Ne6 31. a4 Kg8 32. Rfd1 Rb7 33. Rb1 Nc5
34. Ra3 Ne6 35. Nfd2 Kf7 36. Kf1 Rd8 37. b5 cxb5 38. axb5 Nc7 39. Ra5 Kg6 40.
Rb3 Ne6 41. Rb1 Nc7 42. Ne4 Nd5 43. Ra3 Be7 44. Rd3 Nf6 45. f3 Kf5 46. Ncd2 Rd5
47. g4+ Kg6 48. Rdb3 Bc5 49. Rc1 Bb6 50. Rc6 Rc7 51. Nxf6 gxf6 52. Rxc7 Bxc7
53. Ke2 Rd6 54. Kd3 Bb6 55. Nc4 Re6 56. Nxb6 Re3+ 57. Kc4 Rxb3 58. Kxb3 axb6
59. Kc4 Kf7 60. Kxd4 Ke7 61. Kd5 Kd7 62. f4 1-0

[Event "Hessen-ch B"]
[Site "Frankfurt/Main"]
[Date "2019.05.30"]
[Round "2"]
[White "Azizov, Fariz"]
[Black "Ghaznavi, Massoud"]
[Result "0-1"]
[WhiteElo "1416"]
[BlackElo "1601"]
[PlyCount "150"]
[EventDate "2019.05.30"]
[EventType "swiss"]
[EventRounds "7"]
[EventCountry "GER"]

1. d4 d5 2. c4 e6 3. Nf3 c5 4. Bg5 f6 5. Be3 Qa5+ 6. Nc3 dxc4 7. dxc5 Bxc5 8.
Bxc5 Qxc5 9. e3 Ne7 10. Qa4+ Nbc6 11. Bxc4 O-O 12. Qb5 Qb4 13. Qxb4 Nxb4 14.
O-O a6 15. Nd4 Kf7 16. Ne4 Rd8 17. Rad1 Nbd5 18. Ng3 g6 19. e4 Nf4 20. Nde2
Rxd1 21. Rxd1 Nxe2+ 22. Nxe2 b5 23. Bb3 Ra7 24. Rd6 Rd7 25. Rxe6 Rd1+ 26. Bxd1
Bxe6 27. a3 Nc6 28. b4 Ne5 29. Nd4 Bd7 30. f4 Nd3 31. g3 Ke7 32. Bc2 Nb2 33.
Bb3 Kd6 34. Bd5 f5 35. Nb3 fxe4 36. Bxe4 Nc4 37. Nc5 Bc6 38. Bd3 Nxa3 39. Nxa6
Kd5 40. Nc5 Kd4 41. Bf1 Nc2 42. Na6 Kc3 43. Nc5 Kxb4 44. Nd3+ Kc3 45. Nc1 b4
46. Bg2 Ba4 47. Bd5 b3 48. Nxb3 Bxb3 49. Bf3 Nd4 50. Bg2 Kd2 51. Kf2 h5 52. h3
Be6 53. Be4 Bf5 54. Bxf5 Nxf5 55. g4 hxg4 56. hxg4 Nd6 57. Kf3 Kd3 58. Kf2 Ke4
59. f5 g5 60. Kg3 Ke5 61. Kf3 Ne4 62. Ke3 Nf6 63. Kf3 Kd4 64. Kg3 Ke4 65. Kh3
Kf3 66. Kh2 Nxg4+ 67. Kg1 Nf6 68. Kf1 Kf4 69. Kg2 Kxf5 70. Kf3 g4+ 71. Kg2 Kf4
72. Kf2 g3+ 73. Kg1 Kf3 74. Kh1 g2+ 75. Kg1 Ne4 0-1

[Event "Hessen-ch B"]
[Site "Frankfurt/Main"]
[Date "2019.05.30"]
[Round "2"]
[White "Bjoerknes, Uwe"]
[Black "Weber, Andreas"]
[Result "1-0"]
[WhiteElo "1796"]
[BlackElo "1694"]
[PlyCount "23"]
[EventDate "2019.05.30"]
[EventType "swiss"]
[EventRounds "7"]
[EventCountry "GER"]

{[%evp 0,23,28,24,24,-19,-49,-84,34,-5,57,133,199,183,262,242,494,453,453,476,
476,79,146,126,236,211]} 1. e4 e5 2. Bb5 Nf6 3. d4 exd4 4. e5 Bb4+ 5. c3 dxc3
6. bxc3 Ne4 7. cxb4 Nxf2 8. Kxf2 Qh4+ 9. g3 Qxb4 10. Qe2 Qd4+ 11. Be3 Qxa1 12.
Nf3 1-0

[Event "Hessen-ch B"]
[Site "Frankfurt/Main"]
[Date "2019.05.30"]
[Round "2"]
[White "Buchholz, Maja"]
[Black "Mongi, Mario"]
[Result "0-1"]
[WhiteElo "1657"]
[BlackElo "1547"]
[PlyCount "36"]
[EventDate "2019.05.30"]
[EventType "swiss"]
[EventRounds "7"]
[EventCountry "GER"]

{[%evp 0,36,28,-24,44,-9,24,-36,-13,-13,44,-27,209,-49,-49,-61,38,38,21,21,44,
44,91,-135,-180,-361,-96,-394,-797,-797,-58,-29993,-29994,-29995,-29996,-29997,
-29998,-29999,-30000]} 1. c4 f5 2. g3 Nf6 3. Bg2 e5 4. Nc3 Bb4 5. Qc2 d6 6. e3
O-O 7. Nge2 Be6 8. Bxb7 Nbd7 9. Bxa8 Qxa8 10. O-O Qf3 11. h3 f4 12. Kh2 Bxh3
13. Rg1 Ng4+ 14. Kxh3 Rf6 15. Kh4 Rh6+ 16. Kg5 Rh5+ 17. Kxh5 Ngf6+ 18. Kg5 Qg4#
0-1

[Event "Hessen-ch B"]
[Site "Frankfurt/Main"]
[Date "2019.05.30"]
[Round "2"]
[White "Catalano, Enzo"]
[Black "Warter, Simon"]
[Result "0-1"]
[WhiteElo "1596"]
[BlackElo "1439"]
[PlyCount "60"]
[EventDate "2019.05.30"]
[EventType "swiss"]
[EventRounds "7"]
[EventCountry "GER"]

1. e4 e5 2. Nf3 Nc6 3. d4 exd4 4. Bc4 Na5 5. Bxf7+ Kxf7 6. Ne5+ Ke7 7. Bg5+ Nf6
8. Qxd4 Nc6 9. Nxc6+ dxc6 10. Qe5+ Kf7 11. O-O Qd6 12. Bxf6 gxf6 13. Qh5+ Kg8
14. Rd1 Qe5 15. Qe2 Bd6 16. g3 Kf7 17. f4 Qe8 18. Nc3 Qg8 19. f5 h5 20. Qd2 h4
21. Ne2 hxg3 22. Nxg3 Bxg3 23. hxg3 Qxg3+ 24. Qg2 Qe3+ 25. Kf1 Rg8 26. Qh2 Qf3+
27. Qf2 Qh3+ 28. Ke1 Rg2 29. Rd3 Qh1+ 30. Ke2 Rxf2+ 0-1

[Event "Hessen-ch B"]
[Site "Frankfurt/Main"]
[Date "2019.05.30"]
[Round "2"]
[White "Eckert, Hanno"]
[Black "Hambel, Christoph"]
[Result "1/2-1/2"]
[WhiteElo "1487"]
[BlackElo "1783"]
[PlyCount "87"]
[EventDate "2019.05.30"]
[EventType "swiss"]
[EventRounds "7"]
[EventCountry "GER"]

1. c4 Nf6 2. g3 e6 3. Bg2 d5 4. Nf3 Bc5 5. a3 dxc4 6. Qa4+ Nbd7 7. Qxc4 Qe7 8.
d3 a6 9. O-O b5 10. Qc2 Bb7 11. b4 Bb6 12. Bb2 O-O 13. Nbd2 c5 14. bxc5 Nxc5
15. d4 Nce4 16. Nxe4 Bxe4 17. Qb3 Rfc8 18. Rac1 Bd5 19. Qd3 Qb7 20. Nh4 Ne4 21.
Rxc8+ Rxc8 22. Rc1 Rc4 23. Nf3 Qc7 24. Qe3 Nd6 25. Qd2 Ba5 26. Qf4 f6 27. Rxc4
bxc4 28. Bh3 Qb6 29. Bc1 Ne4 30. Qe3 Qc6 31. Nd2 Ng5 32. Bf1 c3 33. Nf3 Nxf3+
34. exf3 Bxf3 35. Bxa6 Bb6 36. Qf4 Bc7 37. Qe3 e5 38. dxe5 Bxe5 39. Qd3 Bd5 40.
Bb5 Qa8 41. Bc4 Bxc4 42. Qxc4+ Kf8 43. Qc5+ Ke8 44. f4 1/2-1/2

[Event "Hessen-ch B"]
[Site "Frankfurt/Main"]
[Date "2019.05.30"]
[Round "2"]
[White "Elpelt, Frank"]
[Black "Weiland, Thomas"]
[Result "1/2-1/2"]
[WhiteElo "1572"]
[BlackElo "1817"]
[PlyCount "45"]
[EventDate "2019.05.30"]
[EventType "swiss"]
[EventRounds "7"]
[EventCountry "GER"]

{[%evp 0,45,24,24,81,71,80,58,84,75,124,118,132,119,121,103,98,84,73,55,94,9,
30,17,48,14,170,60,59,44,47,21,58,34,65,62,89,82,84,57,50,48,58,39,84,85,85,39]
} 1. e4 b6 2. d4 Bb7 3. Bd3 e6 4. Nc3 g6 5. Nf3 Bg7 6. O-O Ne7 7. Re1 O-O 8.
Bg5 f6 9. Bf4 a6 10. Ne2 d6 11. c3 Kh8 12. Qd2 Ng8 13. Rad1 Nd7 14. Ng3 e5 15.
dxe5 Nxe5 16. Nxe5 dxe5 17. Be3 Qe7 18. Bc4 Rfd8 19. Qc2 Nh6 20. f3 Rxd1 21.
Rxd1 Rd8 22. Rxd8+ Qxd8 23. Qd2 1/2-1/2

[Event "Hessen-ch B"]
[Site "Frankfurt/Main"]
[Date "2019.05.30"]
[Round "2"]
[White "Goodwin, David"]
[Black "Ruhl, Marcel"]
[Result "1/2-1/2"]
[WhiteElo "1546"]
[BlackElo "1651"]
[PlyCount "29"]
[EventDate "2019.05.30"]
[EventType "swiss"]
[EventRounds "7"]
[EventCountry "GER"]

{[%evp 0,29,29,29,29,-12,-23,-22,7,-5,6,-45,11,-14,-10,-44,-47,-41,-41,-62,-56,
-67,-69,-84,-83,-86,-53,-62,-35,-54,-54,-54]} 1. Nf3 d5 2. g3 Nf6 3. Bg2 c5 4.
d3 Nc6 5. Nbd2 e6 6. c4 Bd6 7. cxd5 exd5 8. O-O O-O 9. Nb3 Re8 10. a3 b6 11.
Re1 Bg4 12. h3 Bh5 13. Bg5 Rc8 14. g4 Bg6 15. Nh4 1/2-1/2

[Event "Hessen-ch B"]
[Site "Frankfurt/Main"]
[Date "2019.05.30"]
[Round "2"]
[White "Hoerhold, Karola"]
[Black "Westhof, Benedikt"]
[Result "0-1"]
[WhiteElo "1727"]
[BlackElo "1655"]
[PlyCount "74"]
[EventDate "2019.05.30"]
[EventType "swiss"]
[EventRounds "7"]
[EventCountry "GER"]

1. e4 e5 2. Nf3 Nf6 3. d4 Nxe4 4. dxe5 d5 5. Nbd2 Nxd2 6. Qxd2 Bg4 7. Qf4 Qd7
8. h3 Bh5 9. Bd3 Nc6 10. c3 Bxf3 11. gxf3 g6 12. Qg5 Be7 13. Qg3 O-O-O 14. Bg5
Bxg5 15. Qxg5 Nxe5 16. Be2 Rhe8 17. O-O-O f5 18. Rhe1 Qa4 19. a3 Qc6 20. Qf4 d4
21. Qd2 dxc3 22. Qxc3 Qxc3+ 23. bxc3 Nd3+ 24. Bxd3 Rxe1 25. Rxe1 Rxd3 26. Re3
Rxe3 27. fxe3 Kd7 28. e4 fxe4 29. fxe4 Kd6 30. Kd2 Ke5 31. Kd3 g5 32. Ke3 h5
33. Kf3 c6 34. a4 b5 35. axb5 cxb5 36. Ke3 a5 37. Kd3 g4 0-1

[Event "Hessen-ch B"]
[Site "Frankfurt/Main"]
[Date "2019.05.30"]
[Round "2"]
[White "Horny, Guenter"]
[Black "Will, Steffen"]
[Result "0-1"]
[WhiteElo "1816"]
[BlackElo "1711"]
[PlyCount "82"]
[EventDate "2019.05.30"]
[EventType "swiss"]
[EventRounds "7"]
[EventCountry "GER"]

1. d4 Nf6 2. Nc3 d5 3. Bg5 Nbd7 4. Nf3 c6 5. Qd2 Qa5 6. e3 e6 7. Bd3 Bb4 8. O-O
Bxc3 9. bxc3 Ne4 10. Qe1 Qxc3 11. Qe2 Nxg5 12. Nxg5 Nf6 13. Rab1 Qa5 14. c4 h6
15. Nf3 O-O 16. Ne5 dxc4 17. Nxc4 Qc7 18. e4 Qf4 19. e5 Nd5 20. Qb2 b5 21. Nd6
Bd7 22. Rfe1 f5 23. Nb7 Qg5 24. Nc5 Nf4 25. Bf1 Qe7 26. g3 Nd5 27. f4 a5 28.
Bg2 b4 29. Rbc1 Rfb8 30. Re2 a4 31. Bxd5 cxd5 32. Nxd7 Qxd7 33. Rec2 Qb5 34.
Rc6 b3 35. Rxe6 bxa2 36. Qxa2 Qb3 37. Qa1 a3 38. Rec6 Qe3+ 39. Kg2 Rb2+ 40. Kh3
Qf2 41. Rh1 Qf3 0-1

[Event "Hessen-ch B"]
[Site "Frankfurt/Main"]
[Date "2019.05.30"]
[Round "2"]
[White "Hynar, Alexandra"]
[Black "Tiggemann, Felix"]
[Result "1-0"]
[WhiteElo "1765"]
[BlackElo "1574"]
[PlyCount "69"]
[EventDate "2019.05.30"]
[EventType "swiss"]
[EventRounds "7"]
[EventCountry "GER"]

{[%evp 0,69,29,-20,-3,-14,-14,-3,-19,-39,-17,-52,-2,4,26,3,34,50,50,43,35,34,
54,34,66,66,72,34,49,14,-2,2,20,20,11,-11,-17,-22,-21,-29,-15,-61,-65,-71,-64,
-64,-28,-72,-25,-79,-18,-47,-41,-43,28,33,45,18,129,132,154,189,154,154,154,
161,371,386,386,398,29997,29998]} 1. c4 e6 2. d4 d5 3. cxd5 exd5 4. Nf3 Nf6 5.
g3 c6 6. Bg2 Bb4+ 7. Nc3 Qa5 8. Bd2 Ne4 9. Nxe4 dxe4 10. Bxb4 Qxb4+ 11. Qd2
Qxd2+ 12. Nxd2 f5 13. Nc4 Ke7 14. O-O Be6 15. Ne3 Nd7 16. f3 exf3 17. Rxf3 g6
18. Rff1 Nf6 19. b3 Rad8 20. Nc2 Bd5 21. e3 Bxg2 22. Kxg2 Ne4 23. Rf4 Rd5 24.
g4 Nc3 25. Nb4 Rb5 26. Nd3 fxg4 27. Rxg4 Rf8 28. Ne5 c5 29. Rh4 cxd4 30. Rxh7+
Ke6 31. exd4 Rf4 32. Re1 Kf5 33. Rf7+ Kg5 34. Nf3+ Kg4 35. h3+ 1-0

[Event "Hessen-ch B"]
[Site "Frankfurt/Main"]
[Date "2019.05.30"]
[Round "2"]
[White "John, Volkmar"]
[Black "Bahlo, Jens"]
[Result "0-1"]
[WhiteElo "1654"]
[BlackElo "1915"]
[PlyCount "64"]
[EventDate "2019.05.30"]
[EventType "swiss"]
[EventRounds "7"]
[EventCountry "GER"]

1. c4 Nc6 2. d4 e5 3. d5 Nce7 4. Nc3 Ng6 5. g3 Nf6 6. Bg2 Bc5 7. Nf3 O-O 8. a3
a5 9. O-O d6 10. Qc2 Bg4 11. h3 Bd7 12. Kh2 Qc8 13. e4 Nh5 14. Bd2 f5 15. Rad1
f4 16. g4 Bxg4 17. hxg4 Qxg4 18. Qd3 Ng3 19. Bh3 Nxf1+ 20. Rxf1 Qh5 21. Nd1 Rf6
22. Rg1 Nh4 23. Nxh4 Qxh4 24. Qf3 Kh8 25. Qg4 Qh6 26. Bxa5 g5 27. Bc3 Rg8 28.
Qf3 Qg7 29. Be6 Rh6+ 30. Kg2 g4 31. Qxf4 exf4 32. Bxg8 Bd4 0-1

[Event "Hessen-ch B"]
[Site "Frankfurt/Main"]
[Date "2019.05.30"]
[Round "2"]
[White "Kabakci, Cem"]
[Black "Scholz, Michael"]
[Result "0-1"]
[WhiteElo "1632"]
[BlackElo "1855"]
[PlyCount "130"]
[EventDate "2019.05.30"]
[EventType "swiss"]
[EventRounds "7"]
[EventCountry "GER"]

{[%evp 0,130,15,32,23,23,25,-9,32,30,33,26,36,42,58,36,56,22,49,46,38,45,78,51,
86,65,76,56,108,76,83,66,66,35,52,65,96,79,-1,-1,12,-331,1,-7,207,229,248,237,
242,242,257,280,283,275,335,359,342,385,412,427,468,392,511,219,219,214,203,
145,149,115,47,10,47,-253,-245,-218,-218,-280,-233,-273,-267,-284,-307,-342,
-346,-343,-366,-366,-366,-383,-346,-361,-343,-344,-377,-382,-313,-326,-327,
-330,-368,-388,-334,-349,-334,-334,-347,-381,-363,-389,-417,-527,-413,-507,
-372,-385,-307,-294,-301,-344,-310,-326,-50,-67,-76,-76,-88,-258,-187,-325,
-248,-527,-537]} 1. Nf3 Nf6 2. d4 d5 3. c4 c6 4. Nc3 e6 5. e3 Nbd7 6. Bd3 Bb4
7. O-O O-O 8. a3 Bxc3 9. bxc3 dxc4 10. Bxc4 Qa5 11. Qc2 Re8 12. Bd3 e5 13. e4
c5 14. Bd2 Qc7 15. Rfe1 c4 16. Bf1 Rb8 17. g3 b5 18. Nxe5 Nxe5 19. dxe5 Ng4 20.
f4 Qc5+ 21. Be3 Qc6 22. Bxa7 Ra8 23. Bd4 Bb7 24. Bg2 h5 25. h3 Nh6 26. Qe2 Ra6
27. Qxh5 Rea8 28. f5 Rxa3 29. Rxa3 Rxa3 30. f6 b4 31. cxb4 Rxg3 32. fxg7 Qe6
33. Qh4 Rxg7 34. Be3 Nf5 35. Qd8+ Kh7 36. Qf6 Bxe4 37. Bg5 Bxg2 38. Qxe6 fxe6
39. Kxg2 Rxg5+ 40. Kf3 Rg3+ 41. Ke4 Rxh3 42. Rc1 Rh4+ 43. Kf3 c3 44. Ke2 Rxb4
45. Rxc3 Re4+ 46. Kf3 Rxe5 47. Kf4 Re1 48. Kg5 Kg7 49. Rc7+ Kf8 50. Kf6 Ke8 51.
Ra7 Nd4 52. Re7+ Kd8 53. Rb7 e5 54. Ra7 Nc6 55. Rb7 Kc8 56. Rg7 Rf1+ 57. Ke6
Re1 58. Kd6 Nb4 59. Kc5 Nd3+ 60. Kc6 Kd8 61. Rd7+ Ke8 62. Rxd3 e4 63. Rd5 Kf7
64. Re5 Kf6 65. Kd5 Rd1+ 0-1

[Event "Hessen-ch B"]
[Site "Frankfurt/Main"]
[Date "2019.05.30"]
[Round "2"]
[White "Karl, Florian"]
[Black "Zalewski, Ulrich"]
[Result "1/2-1/2"]
[WhiteElo "1608"]
[BlackElo "1793"]
[PlyCount "56"]
[EventDate "2019.05.30"]
[EventType "swiss"]
[EventRounds "7"]
[EventCountry "GER"]

1. d4 d5 2. c4 e6 3. Nc3 f5 4. Nf3 Nf6 5. Bg5 Be7 6. e3 c6 7. Bd3 O-O 8. O-O
Ne4 9. Bxe7 Qxe7 10. Qc2 Nd7 11. Nd2 Nxd2 12. Qxd2 Nf6 13. f4 Ne4 14. Nxe4 fxe4
15. Be2 Bd7 16. a3 a6 17. c5 Qd8 18. b4 Rf6 19. Rfb1 Qc7 20. Rb2 Raf8 21. a4
Qd8 22. b5 axb5 23. axb5 g5 24. fxg5 Rf2 25. Rf1 Rxf1+ 26. Bxf1 Qxg5 27. b6 Qf6
28. Qe1 Qg5 1/2-1/2

[Event "Hessen-ch B"]
[Site "Frankfurt/Main"]
[Date "2019.05.30"]
[Round "2"]
[White "Meyer, Marcel"]
[Black "Haftmann, Rainer"]
[Result "1-0"]
[WhiteElo "1820"]
[BlackElo "1727"]
[PlyCount "75"]
[EventDate "2019.05.30"]
[EventType "swiss"]
[EventRounds "7"]
[EventCountry "GER"]

{[%evp 0,75,22,29,29,-16,-16,-17,-9,-17,-23,-38,-1,-12,46,-5,-5,-25,27,29,64,
54,64,46,34,33,42,34,31,15,15,9,9,43,49,49,52,14,62,64,116,31,182,166,166,166,
166,171,171,155,188,188,187,197,206,229,218,235,235,248,316,306,323,311,337,
250,333,333,340,341,339,329,329,374,363,304,301,301]} 1. d4 Nf6 2. c4 e6 3. Nc3
d5 4. cxd5 exd5 5. Bg5 Be7 6. e3 c6 7. Qc2 Nbd7 8. Bd3 O-O 9. Nf3 Re8 10. O-O
Nf8 11. Rab1 Ng6 12. b4 a6 13. a4 Ne4 14. Bxe7 Qxe7 15. b5 axb5 16. axb5 Bf5
17. bxc6 bxc6 18. Na4 Nh4 19. Nxh4 Qxh4 20. f3 Qh6 21. fxe4 Qxe3+ 22. Kh1 dxe4
23. Bc4 Bg6 24. Qc3 Qg5 25. Nc5 e3 26. Rbe1 Rad8 27. Rf3 e2 28. Rxe2 Rxe2 29.
Bxe2 Re8 30. Bc4 Qh4 31. Re3 Ra8 32. Qe1 Qd8 33. Nb7 Qf8 34. Na5 Qd6 35. Re8+
Rxe8 36. Qxe8+ Qf8 37. Qxf8+ Kxf8 38. Nxc6 1-0

[Event "Hessen-ch B"]
[Site "Frankfurt/Main"]
[Date "2019.05.30"]
[Round "2"]
[White "Muenstermann, Matthias"]
[Black "Horatschek, Martin jr."]
[Result "0-1"]
[WhiteElo "1783"]
[BlackElo "1689"]
[PlyCount "38"]
[EventDate "2019.05.30"]
[EventType "swiss"]
[EventRounds "7"]
[EventCountry "GER"]

{[%evp 0,38,16,29,29,-23,-10,-53,-1,-52,90,118,118,121,121,121,121,121,143,149,
149,156,149,140,151,158,193,191,195,193,201,208,200,195,231,192,176,133,197,
-29997,-29998]} 1. d4 Nf6 2. c4 e5 3. e3 Bb4+ 4. Nc3 d6 5. Qa4+ Nc6 6. d5 Bxc3+
7. bxc3 Bd7 8. dxc6 Bxc6 9. Qc2 O-O 10. Nf3 Qd7 11. h3 Rad8 12. Be2 Be4 13. Qb3
Qf5 14. Ba3 Nd7 15. Rc1 Qg6 16. O-O Kh8 17. Bd1 f5 18. Kh1 Qh6 19. Nd2 Qxh3+
0-1

[Event "Hessen-ch B"]
[Site "Frankfurt/Main"]
[Date "2019.05.30"]
[Round "2"]
[White "Pabel, Ralph"]
[Black "Graef, Jakob Vincent"]
[Result "0-1"]
[WhiteElo "1903"]
[BlackElo "1574"]
[PlyCount "100"]
[EventDate "2019.05.30"]
[EventType "swiss"]
[EventRounds "7"]
[EventCountry "GER"]

1. d4 c6 2. e4 d5 3. e5 Bf5 4. Nf3 e6 5. Be2 c5 6. O-O Nc6 7. Bb5 Nge7 8. Be3
cxd4 9. Nxd4 Bg6 10. Nd2 a6 11. Bxc6+ Nxc6 12. f4 Be7 13. N2f3 O-O 14. Qe2 Qc7
15. Rac1 Rfc8 16. g4 Nb4 17. a3 Nc6 18. c3 Be4 19. Nd2 Nxd4 20. Bxd4 Bc5 21.
Qe3 Bxd4 22. Qxd4 Bg6 23. Nf3 Qe7 24. Kg2 Be4 25. Kg3 Rc4 26. Qe3 Rac8 27. Nd2
Ra4 28. c4 h6 29. Nxe4 dxe4 30. Qxe4 b5 31. Rfd1 Raxc4 32. Rxc4 Rxc4 33. Qa8+
Kh7 34. Qxa6 Qc5 35. Qb7 Rc2 36. Qe4+ g6 37. Qd4 Qc6 38. Rd2 Rc4 39. Qe3 Rc1
40. Qf3 Qc5 41. Qf2 Rg1+ 42. Kh3 Qc1 43. Re2 Rf1 44. Qe3 Qc4 45. Kg3 Rd1 46.
Kg2 Rd3 47. Qf2 Qd5+ 48. Kg1 Rf3 49. Rd2 Qe4 50. Rd4 Qb1+ 0-1